|
|
|
|
| LEADER |
00954nam a22002532a 4500 |
| 001 |
001295592 |
| 003 |
CZ BrMZK |
| 005 |
20130528143425.0 |
| 007 |
ta |
| 008 |
130522s1971 xo er|||||||||||slo d |
| 040 |
|
|
|a ABA001
|b cze
|c ABA001
|d ABA001
|d BOA001
|
| 080 |
9 |
|
|a 485.4-54=854
|
| 100 |
1 |
|
|a Furdík, Juraj,
|d 1935-2002
|7 mzk2004258389
|4 aut
|
| 245 |
1 |
0 |
|a Zo slovotvorného vývoja slovenčiny /
|c Juraj Furdík
|
| 250 |
|
|
|a 1. vyd.
|
| 260 |
|
|
|a Bratislava :
|b Slovenské pedagogické nakladateľstvo,
|c 1971
|
| 300 |
|
|
|a 81 s. ;
|c 24 cm
|
| 490 |
1 |
|
|a Acta facultatis philosophicae Universitatis Šafarikanae. Spoločenskovedný zošit ;
|v 7
|
| 504 |
|
|
|a Obsahuje bibliografii
|
| 830 |
|
0 |
|a Acta Facultatis philosophicae Universitatis Šafarikanae.
|p Spoločenskovedný zošit
|
| 910 |
|
|
|a BOA001
|b 2-0671.922
|
| 990 |
|
|
|a BK
|
| 991 |
|
|
|b 201305
|
| 996 |
7 |
|
|b 2619689941
|c 2-0671.922
|l Sklad H1
|r Sklad / do 24 hodin
|n 1
|h HS212
|w 001417834
|u 000010
|a 1
|e BOA001
|j MZK50
|s A
|